Blockchain (Record no. 121204)

MARC details
000 -LEADER
fixed length control field 00869nam a22002057a 4500
001 - CONTROL NUMBER
control field K121204
008 - FIXED-LENGTH DATA ELEMENTS--GENERAL INFORMATION
fixed length control field 160218b2020 xxu||||| |||| 00| 0 eng d
020 ## - INTERNATIONAL STANDARD BOOK NUMBER
ISBN 9781783213894
041 ## - LANGUAGE CODE
Language code of text/sound track or separate title eng
100 ## - MAIN ENTRY--PERSONAL NAME
Personal author Mehdi, Nigel
245 ## - TITLE STATEMENT
Title Blockchain
Subtitle An emerging opportunity for surveyors
260 ## - PUBLICATION INFORMATION
Place of publication London
Publisher RICS
Date 2020
490 ## - SERIES TITLE
Series statement RICS Insight Paper
520 ## - ABSTRACT
Abstract Provides a balanced view of the outlook for blockchain, its application to the real estate, built and natural environment and construction industries, and what it could mean for RICS professionals and RICS-regulated firms looking to stay at the forefront of innovation.
650 ## - KEYWORDS
Keywords Blockchain
651 ## - SUBJECT ADDED ENTRY--GEOGRAPHIC NAME
Geographic name United Kingdom 1973
690 ## - BROAD SUBJECT
9 (RLIN) 6274
Broad subject PropTech
856 ## - ONLINE RESOURCE
Uniform Resource Identifier <a href="https://www.rics.org/globalassets/blockchain_insight-paper.pdf">https://www.rics.org/globalassets/blockchain_insight-paper.pdf</a>
Public note View the guidance free of charge at rics.org
942 ## - ADDED ENTRY ELEMENTS (KOHA)
Suppress in OPAC Do not suppress in OPAC
Holdings
Lost status Damaged status Not for loan Home library Current library Shelving location Date acquired Total Checkouts Date last seen Price effective from Koha item type Source of classification or shelving scheme Full call number Barcode
      Archives Archives BCIS/BMI publications 12/03/2020   12/03/2020 12/03/2020 Book Dewey Decimal Classification 2020/01 ROY  
      London London BCIS/BMI publications 12/03/2020   12/03/2020 12/03/2020 News article Dewey Decimal Classification   2020/01 RICS
      Virtual Virtual Online 11/02/2020   11/02/2020 11/02/2020 Online material